LEADER 00833nam0-22003131i-450- 001 990000029440403321 035 $a000002944 035 $aFED01000002944 035 $a(Aleph)000002944FED01 035 $a000002944 100 $a20011111d--------km-y0itay50------ba 101 0 $aita 105 $ay-------001yy 200 1 $aCrolli e lesioni di strutture$fSandro Dei Poli. 210 $aMilano$cU. Hoepli$d1942 215 $aVI, 301 p.$cill.$d25 cm 610 0 $aStrutture edilizie 676 $a624.17 700 1$aDei Poli,$bSandro$0331569 801 0$aIT$bUNINA$gRICA$2UNIMARC 901 $aBK 912 $a990000029440403321 952 $a13 D 35 02$b18266$fFINBC 952 $a458002$fDCATA 959 $aFINBC 959 $aDCATA 996 $aCrolli e lesioni di strutture$9107403 997 $aUNINA DB $aING01 LEADER 04399nam 2201081 450 001 9910819388903321 005 20230807204747.0 010 $a0-520-28547-6 010 $a0-520-95967-1 024 7 $a10.1525/9780520959675 035 $a(CKB)2670000000590762 035 $a(EBL)1747546 035 $a(OCoLC)899157218 035 $a(SSID)ssj0001403172 035 $a(PQKBManifestationID)12474016 035 $a(PQKBTitleCode)TC0001403172 035 $a(PQKBWorkID)11365566 035 $a(PQKB)10412876 035 $a(MiAaPQ)EBC1747546 035 $a(DE-B1597)520160 035 $a(DE-B1597)9780520959675 035 $a(Au-PeEL)EBL1747546 035 $a(CaPaEBR)ebr11003291 035 $a(CaONFJC)MIL688031 035 $a(EXLCZ)992670000000590762 100 $a20150120h20152015 uy 0 101 0 $aeng 135 $aur|nu---|u||u 181 $ctxt 182 $cc 183 $acr 200 14$aThe unending hunger $etracing women and food insecurity across borders /$fMegan A. Carney 210 1$aOakland, California :$cUniversity of California Press,$d2015. 210 4$d©2015 215 $a1 online resource (273 p.) 300 $aDescription based upon print version of record. 311 0 $a0-520-28400-3 311 0 $a1-322-56749-2 320 $aIncludes bibliographical references and index. 327 $tFront matter --$tContents --$tIllustrations --$tAcknowledgments --$tIntroduction --$tChapter One. "We Had Nothing to Eat": The Biopolitics of Food Insecurity --$tChapter Two. Caring through Food: La Lucha Diaria --$tChapter Three. Nourishing Neoliberalism? Narratives of Sufrimiento --$tChapter Four. Disciplining Caring Subjects: Food Security as a Biopolitical Project --$tChapter Five. Managing Care: Strategies of Resistance and Healing --$tConclusion --$tEpilogue --$tAppendix One. General Region Characteristics (2010- 12) --$tAppendix Two. List of Participants --$tNotes --$tBibliography --$tIndex 330 $aBased on ethnographic fieldwork from Santa Barbara, California, this book sheds light on the ways that food insecurity prevails in women's experiences of migration from Mexico and Central America to the United States. As women grapple with the pervasive conditions of poverty that hinder efforts at getting enough to eat, they find few options for alleviating the various forms of suffering that accompany food insecurity. Examining how constraints on eating and feeding translate to the uneven distribution of life chances across borders and how "food security" comes to dominate national policy in the United States, this book argues for understanding women's relations to these processes as inherently biopolitical. 606 $aWomen immigrants$zUnited States 606 $aMexicans$zUnited States 606 $aCentral Americans$zUnited States 606 $aFood security$zUnited States 606 $aFood security$xGovernment policy$zUnited States 610 $aamerican immigration. 610 $aamerican politics. 610 $aamerican studies. 610 $aanthropology. 610 $abiopolitical. 610 $acentral american migrants. 610 $acrossing the border. 610 $acultural studies. 610 $aeating. 610 $afamily. 610 $afeeding. 610 $afood and hunger. 610 $afood insecurity. 610 $afood. 610 $ahealing. 610 $ahuman condition. 610 $aimmigration and immigrants. 610 $amexican migrants. 610 $amigrant mothers. 610 $amigrant women. 610 $amigrants. 610 $amigration. 610 $anational policy. 610 $aneoliberalism. 610 $apolitical. 610 $apoverty. 610 $apublic policy. 610 $aresistance. 610 $asocial services. 610 $asuffering. 610 $asurvival. 610 $aunited states of america. 610 $awelfare. 615 0$aWomen immigrants 615 0$aMexicans 615 0$aCentral Americans 615 0$aFood security 615 0$aFood security$xGovernment policy 676 $a362.83/9812083 700 $aCarney$b Megan A.$f1984-$01697549 801 0$bMiAaPQ 801 1$bMiAaPQ 801 2$bMiAaPQ 906 $aBOOK 912 $a9910819388903321 996 $aThe unending hunger$94078362 997 $aUNINA LEADER 07361nam 2200517 450 001 9910830482403321 005 20231110214938.0 010 $a3-433-60977-2 010 $a3-433-60972-1 010 $a3-433-60978-0 035 $a(CKB)4100000008332974 035 $a(MiAaPQ)EBC5778876 035 $a(MiAaPQ)EBC6735467 035 $a(Au-PeEL)EBL6735467 035 $a(OCoLC)1273979322 035 $a(EXLCZ)994100000008332974 100 $a20190605d2019 uy 0 101 0 $ager 135 $aurcnu|||||||| 181 $ctxt$2rdacontent 182 $cc$2rdamedia 183 $acr$2rdacarrier 200 00$a2019 Mauerwerk Kalender $eBemessung, Bauwerkserhaltung, Schallschutz /$fHerausgegeben von Wolfram Ja?ger 210 1$aBerlin, Germany :$cErnst & Sohn,$d[2019] 210 4$d©2019 215 $a1 online resource (1,482 pages) 225 1 $aMauerwerk-Kalender 300 $a44. Jahrgang. 300 $aIncludes index. 311 $a3-433-03251-3 327 $aIntro -- Inhaltsverzeichnis -- Vorwort -- Autoren -- A Baustoffe ? Bauprodukte -- I Eigenschaften von Mauersteinen, Mauermörtel, Mauerwerk und Putzen -- 1 Allgemeines -- 2 Eigenschaftskennwerte von Mauersteinen -- 3 Eigenschaftswerte von Mauermörteln -- 4 Verbundeigenschaften zwischen Stein und Mörtel -- 5 Eigenschaftswerte von Mauerwerk -- 6 Feuchtigkeitstechnische Kennwerte von Mauersteinen, Mauermörtel und Mauerwerk -- 7 Natursteine, Natursteinmauerwerk -- 8 Eigenschaftswerte von Putzen (Au?enputz) -- 9 Literatur -- II Mauerwerksbau mit allgemeiner bauaufsichtlicher Zulassung (abZ) bzw. mit allgemeiner Bauartgenehmigung (aBg) -- 0 Allgemeines -- 1 Mauerwerk mit Normal- oder Leichtmauermörtel -- 2 Mauerwerk mit Dünnbettmörtel -- 3 Mauerwerk mit Mittelbettmörtel -- 4 Vorgefertigte Wandtafeln -- 5 Geschosshohe Wandtafeln -- 6 Schalungsstein-Bauarten -- 7 Trockenmauerwerk -- 8 Mauerwerk mit PU-Kleber -- 9 Bewehrtes Mauerwerk -- 10 Ergänzungsbauteile -- 11 Literatur -- 12 Bildnachweis -- III Experimentelle und numerische Untersuchungen zum Drucktragverhalten von Mauerwerk -- 1 Einleitung -- 2 Experimentelle Untersuchungen zum Drucktragverhalten -- 3 Numerische Untersuchungen zum Drucktragverhalten -- 4 Zusammenfassung -- 5 Literatur -- B Konstruktion ? Bauausführung ? Bauwerkserhaltung -- I Statisch-konstruktive Sicherungsarbeiten am westlichen Iwan der UNESCO-Welterbestätte Takht-e Soleyman, Iran -- 1 Einleitung -- 2 Der Takht-e Soleyman -- 3 Der westliche Iwan -- 4 Sicherung der noch verbliebenen Mauerwerksbereiche der Nordwand -- 5 Förderung -- 6 Danksagung -- 7 Literatur -- II Ev.-Luth. Hauptpfarrkirche Zwickaus - seit 1935 Dom St. Marien Zwickau Bericht zum derzeitigen Stand der Bauerhaltung Teil II Ertüchtigung der Pfeiler M1 und M2 -- 1 Einführung -- 2 Messungen und Überwachungen -- 3 Statische Voruntersuchungen. 327 $a4 Maßnahmen zur Ertüchtigung -- 5 Maßnahmen am Beispiel des Pfeilers M1 -- 6 Ergänzende Betrachtungen für Pfeiler M1 und M2 -- 7 Ausführung der Sicherungsmaßnahmen am Bauwerk -- 8 Ausblick -- 9 Zusammenfassung -- 10 Literatur -- III Tragverhalten und Tragfähigkeit von Injektionsdübeln in Lochsteinen unter Berücksichtigung der Steingeometrie -- 1 Einleitung -- 2 Mauersteine (Steinformate, Lochgeometrien) -- 3 Verankerungen im Mauerwerk -- 4 Eigenes Berechnungsmodell für Injektionsdübel in Lochsteinen unter Zugbelastung - Versagen durch Steinausbruch -- 5 Berechnungsmodell für Injektionsdübel in Lochsteinen unter Querzugbelastung - Versagen durch Kantenbruch -- 6 Zusammenfassung -- 7 Literatur -- C Bemessung -- I Forschungsvorhaben zur Bewertung der Tragfähigkeit von Injektionsdübeln in Mauerwerk im Rahmen von Baustellenversuchen -- 1 Einleitung -- 2 Technische Regel ?Durchführung und Auswertung von Versuchen am am Bau" -- 3 Forschungsvorhaben ?Versuche am Bau" -- 4 Fazit -- 5 Literatur -- II Tragfähigkeit ausfachender Mauerwerkswände unter Berücksichtigung der verformungsbasierten Membranwirkung -- 1 Einleitung -- 2 Grundlagen -- 3 Allgemeine Formulierungen zur Ermittlung der verformungsbasierten Membrandruckkraft -- 4 Berechnung der Systemtragfähigkeit -- 5 Bemessungsmodell -- 6 Zusammenfassung -- 7 Literatur -- III Aussteifungssysteme mit Mauerwerksscheiben1) -- 1 Einführung -- 2 Grundlagen der Berechnungsmethode -- 3 Rechenbeispiel -- 4 Modellbildung mit finiten Elementen -- 5 Vergleich der Modellierungsvarianten -- 6 Vergleich der Berechnungsmethoden -- 7 Zusammenfassung und Ausblick -- 8 Literatur -- D Bauphysik ? Brandschutz -- I Schallschutz im Mauerwerksbau -- 1 Grundbegriffe im Schallschutz -- 2 Von der europäischen Normung zur neuen DIN 4109 -- 3 DIN 4109-1 und andere Regelwerke für den baulichen Schallschutz -- 4 Schalldämmung von Wänden. 327 $a5 Flankierende Übertragung von Wänden -- 6 Trittschalldämmung -- 7 Literatur DIN-Normen -- II Vereinfachter Nachweis des Tauwasserschutzes nach DIN 4108-3:2018 1) -- 1 Notwendigkeit des Feuchte- und Tauwasserschutzes -- 2 Grundlagen des Tauwasserschutzes -- 3 Tauwasserausfall im Bauteilinnern -- 4 Zusammenfassung -- 5 Literatur -- III Innendämmung eines historischen Mauerwerks mit konventionellen und aerogelhaltigen Dämmstoffen - Eine hygrothermische Analyse -- 1 Einleitung -- 2 Bauphysikalische Eigenschaften von historischem Bruchsteinmauerwerk -- 3 Eindimensionale hygrothermische Simulationen -- 4 Resultate der 1-D-Simulationen -- 5 Zweidimensionale hygrothermische Simulationen -- 6 Resultate der 2-D-Simulationen -- 7 Zusammenfassung -- 8 Literatur -- E Normen ? Zulassungen ? Regelwerk -- I Geltende Technische Regeln für den Mauerwerksbau (Deutsche, Europäische und Internationale Normen) (Stand 31.05.2018) -- 1 Vorbemerkung -- 2 EuGH-Urteil vom 16. Oktober 2014 (Rs. C-100/13)1) -- 3 Regelwerk -- II Verzeichnis der allgemeinen bauaufsichtlichen Zulassungen/allgemeinen Bauartgenehmigungen für den Mauerwerksbau (Stand 31.05.2018) -- 1 Mauerwerk mit Normal- oder Leichtmörtel -- 2 Mauerwerk mit Dünnbettmörtel -- 3 Mauerwerk mit Mittelbettmörtel -- 4 Vorgefertigte Wandtafeln -- 5 Geschosshohe Wandtafeln -- 6 Schalungsstein-Bauarten -- 7 Trockenmauerwerk -- 8 Mauerwerk mit PU-Kleber -- 9 Bewehrtes Mauerwerk -- 10 Ergänzungsbauteile -- 11 Anhang -- III Die Anpassung des nationalen Bauproduktenrechts nach dem Urteil des EuGH vom 16. Oktober 2014 -- 1 Vorbemerkungen -- 2 Bisheriges Zusammenspiel zwischen nationalem und europäischem Bauproduktenrecht -- 3 Urteil des EuGH vom 16. Oktober 2014 -- 4 Notwendige Anpassungen des nationalen Bauproduktenrechts aufgrund des EuGH-Urteils -- 5 Ablauf und Maßnahmen des Anpassungsprozesses. 327 $a6 Das neue System des nationalen Bauproduktenrechts -- 7 Ausblick -- 8 Literatur -- F Forschung -- I Übersicht über abgeschlossene und laufende Forschungsvorhaben im Mauerwerksbau -- 1 Abgeschlossene Forschungsvorhaben -- 2 Laufende Forschungsvorhaben -- Stichwortverzeichnis -- Endbenutzer-Lizenzvereinbarung. 410 0$aMauerwerk-Kalender 606 $aMechanical drawing 615 0$aMechanical drawing. 676 $a604.2 702 $aJa?ger$b W$g(Wolfram), 801 0$bMiAaPQ 801 1$bMiAaPQ 801 2$bMiAaPQ 906 $aBOOK 912 $a9910830482403321 996 $a2019 Mauerwerk Kalender$94009098 997 $aUNINA